Lugares Naturais e seus países - Statistics

Estatísticas Gerais
  • Esse quiz foi jogado 54 vezes
    39 desde o último reset
  • A pontuação média é 6 de 16
Estatísticas das Respostas
Imagem Resposta % Correto
Argentina/Brasil
100%
Estados Unidos
83%
Brasil
72%
Japão
64%
Bolivia
44%
Estados Unidos
39%
Madagascar
36%
Estados Unidos
31%
Peru
31%
Australia
28%
Chile
25%
Tanzania
25%
Mexico
17%
Zambia/Zimbabue
17%
Belize
6%
Vietnam
3%
Nenhum quiz correspondente encontrado
Distribuição das Pontuações
Porcentagem de Pessoas com Cada Pontuação
Percentil de Números Respondidos
Sua Pontuação Histórica
Você não jogou esse quiz desde o último reset